Central Library OPAC University of Rajshahi

The works of Henry Fielding, Esq : (Record no. 55750)

MARC details
000 -LEADER
fixed length control field 00744nam a2200253 a 4500
001 - CONTROL NUMBER
control field 55750
003 - CONTROL NUMBER IDENTIFIER
rucl marc code BD-RjUL
005 - DATE AND TIME OF LATEST TRANSACTION
control field 20211209080317.0
008 - FIXED-LENGTH DATA ELEMENTS--GENERAL INFORMATION
fixed length control field 161121s1784 enka 000 0 eng
035 ## - SYSTEM CONTROL NUMBER
System control number (BD-RjUL)55874
System control number (OCoLC)16762811
040 ## - CATALOGING SOURCE
Original cataloging agency DLC
Transcribing agency OrPS
Modifying agency OCoLC
-- BD-RjUL
Language of cataloging eng
041 ## - LANGUAGE CODE
Language code of text/sound track or separate title eng
082 ## - DEWEY DECIMAL CLASSIFICATION NUMBER
Edition number 23
Classification number 823
Author mark and year FIW 1784
100 ## - MAIN ENTRY--PERSONAL NAME
Personal name Fielding, Henry
9 (RLIN) 166494
245 00 - TITLE STATEMENT
Title The works of Henry Fielding, Esq :
Remainder of title with the life of the author /
Statement of responsibility, etc. Henry Fielding.
250 ## - EDITION STATEMENT
Edition statement 3rd ed.
260 ## - PUBLICATION, DISTRIBUTION, ETC. (IMPRINT)
Place of publication, distribution, etc. London :
Name of publisher, distributor, etc. Printed for A.Millar, in the stand Mdcclxvi.,
Date of publication, distribution, etc. 1784.
300 ## - PHYSICAL DESCRIPTION
Pagination V. ;
Size 27 cm.
505 0# - FORMATTED CONTENTS NOTE
Formatted contents note Vol.-1 --
650 #0 - SUBJECT ADDED ENTRY--TOPICAL TERM
Topical term or geographic name as entry element Fielding, Henry, -- 1707-1754.
9 (RLIN) 166023
942 ## - ADDED ENTRY ELEMENTS (KOHA)
Source of classification or shelving scheme Dewey Decimal Classification
Koha item type Books
Holdings
Lost status Source of classification or shelving scheme Damaged status Not for loan Collection code Permanent Location Current Location Shelving location Date acquired Source of acquisition Cost, normal purchase price Total Checkouts Full call number Date last seen Copy number Koha item type
  Dewey Decimal Classification     Fiction Central Library, University of Rajshahi Central Library, University of Rajshahi   20/11/1956 Black well 7.70   823 FIW V-1 1784 23/11/2016 C-2 Books